000 00628nam a2200277Ia 4500
005 20260324150921.0
008 008 260324s9999 xx 000 0 eng d
020 _a9781315190761
037 _aEBOOK
040 _aCRL
040 _beng
040 _cCRL
041 _2eng
041 _aeng
084 _qCRL
100 _aFiona Richards
_91181123
245 4 _aThe Music of John Ireland
260 _bTaylor and Francis
260 _c1928
365 _a
365 _b230
856 _uhttp://www.taylorfrancis.com/books/9781315190761
942 _cEBOOK
999 _c1838344
_d1838344